000 006320000a22001930004500
999 _c53963
_d53963
001 768714001
003 CO-MdFUSB
005 20170810115537.0
008 170810s1998 xxu||||| |||| 00| 0 eng d
022 _a0098-9444
040 _aCO-MdFUSB
_bspa
_cCO-MdFUSB
_dCO-MdFUSB
041 _aeng
100 1 _aBen Yehuda, Nachman
_eautor
245 1 0 _aQuestioning Masada :
_bwhere Masada'a defenders fell
300 _aVolumen 24. Número 6 (1998), Páginas 30-39
_c28 cm.
546 _aTexto en inglés
773 0 _tBiblical Archaeology Review
_049395
_959480
_gVolumen 24. Número 6 (1998), Páginas 30-39
_qPágina 30
942 _cANA